000 00665nam a22002537a 4500
001 23247
003 UA-OsUOA
005 20220616114323.0
007 ta
008 20040115b un ||||| |||| 00| 0 ukr d
020 _a5-8218-0013-7
040 _aUA-OsUOA
_brus
_cUA-OsUOA
_dUA-OsUOA
041 _arus
044 _aRU
080 _a244
090 _a244
_bЛ93
100 _aЛюбарский Д.
245 _aАпостолы христовы (Евангельские сюжеты)
260 _aКаменск-Шахтинский
_bСтаница
_c1994
300 _a68 с.
_bІлюстрації
650 7 _2UDC
942 _cBK
_2udc
955 _a0
999 _c309491
_d309491